An Introduction to Qualitative Research /

Salvato in:
Dettagli Bibliografici
Autore principale: Flick, Uwe (Autore)
Natura: Libro
Lingua:inglese
Pubblicazione: London : Sage Publ.,Ltd, 1998
Tags: Aggiungi Tag
Nessun Tag, puoi essere il primo ad aggiungerne!!

MARC

LEADER 00000nam a22000003a 4500
001 stu33962
005 20150617225734.3
008 980923s1998----uk------------------eng-d
020 |a 0-7119-5588-7 
040 |a STU  |b slo 
041 0 |a eng 
044 |a uk 
080 |a 159.95+172 
100 1 |a Flick, Uwe  |4 aut 
245 1 |a An Introduction to Qualitative Research /  |c [aut.]Flick,Uwe 
260 |a London :  |b Sage Publ.,Ltd,  |c 1998 
300 |a 293 s :  |b Tab.,lit.,index 
996 |b C95534  |c C*95534  |l CCXX  |s P  |a 0  |w stu33962_0001